| 000 | 00633nam a2200193 a 4500 | ||
|---|---|---|---|
| 005 | 20140412111304.0 | ||
| 008 | 001118s19uu xx 00 eng d | ||
| 020 | _a0-7214-0632-7 | ||
| 050 |
_aM 813 _bBu963 1980 |
||
| 100 | _aBurnett, Frances H. 1849-1924 | ||
| 245 |
_aLadybird children's classic / _cFrances Hodgson Burnett, J. Shufflebotham; retold in simple language by Joyce Faraday. |
||
| 260 |
_aUk : _bLadybird, _c1980. |
||
| 300 | _a51 p. | ||
| 650 | _aOrphans -- Fiction | ||
| 650 | _aYorkshire (England) -- Fiction | ||
| 650 | _aGardens -- Fiction | ||
| 650 | _aPhysically handicapped -- Fiction | ||
| 999 |
_c103589 _d103589 |
||